=LDR 00000nam 2200000 4500 =001 INLIS000000000007109 =005 20251121081256 =035 ##$$a 0010-1125000983 =007 ta =008 251121###########################0#ind## =082 ##$$a 352.2 =084 ##$$a 352.2 BAD s =100 #$$a Badan Koordinasi Keluarga Berencana Nasional =245 1#$$a Sambutan Gubernur Kepala Daerah Tingkat I Jawa Barat /$c Badan Koordinasi Keluarga Berencana Nasional =260 ##$$a Bandung :$b Badan Koordinasi Keluarga Berencana Nasional,$c 1990 =300 ##$$a 29 Hal : $b Ilus ; $c 21 =650 #4$$a Keluarga Berencana =856 ##$$a Perpustakaan Kemendukbangga